Brasil tropical na Slovensku

Podrobná bibliografia
Hlavný autor: Bábiková, Hana (Autor)
Médium: Článok
Jazyk:slovenčina
Predmet:

MARC

LEADER 00000nab a2200000 ar4500
001 vtls009343531
003 SK-MaSNL
005 20260426070503.0
008 081007c19760604xo |r|p|||||||000 b|slo
015 |a SNBRB1976 
038 |a SNKBUCL 
040 |a SNKBUCL  |b slo  |c SNKBUCL  |e AACR2 
041 |a slo 
044 |a xo  |c SK 
080 |a 793.3  |2 1997 
100 1 |a Bábiková, Hana  |4 aut  |9 944143 
245 1 0 |a Brasil tropical na Slovensku  |c Hana Bábiková 
610 2 7 |a Brasil tropical (ľudovo-umelecký súbor : Brazília)  |x hosťovanie  |2 snkbucl  |9 1323205 
648 7 |a 1976  |2 snkbucl  |9 279488 
651 7 |a Slovensko  |2 snkbucl  |9 14231 
773 0 |t Ľud  |g (4.6.1976), s. 5 
852 |a SNK  |b KIS3GCP 
999 |c 2668087  |d 2670017